| 000 | 00628nam a22001937a 4500 | ||
|---|---|---|---|
| 999 |
_c176593 _d176593 |
||
| 005 | 20210128112356.0 | ||
| 010 | _aUR-11001 | ||
| 020 |
_c300.00 _a9788194848110 |
||
| 035 | _aU-9556 | ||
| 037 | _bDBAD/PUB | ||
| 082 | _a844.08 | ||
| 100 | _aر ؤ ف خير | ||
| 245 |
_aد ر يا کو ز ے ميں _cر ؤ ف خير |
||
| 246 |
_bDarya Kooze Mein (Urdu) _aby Zafar Abdur Raoof Rehmani |
||
| 260 |
_aDelhi _bEducational Pub. House, _c2020 ء |
||
| 270 |
_a3191,Vakil Street, Kucha Pandit,Lal kuan, _b Delhi _e110006 _l45678202 |
||
| 300 |
_a280 ص _c22 Cm(Hb) |
||
| 942 |
_2ddc _cUR _h844.08 _mر ؤ ف |
||